<?xml version="1.0" encoding="UTF-8"?>
<collection xmlns="http://www.loc.gov/MARC21/slim">
 <record>
  <leader>01524nam a2200289 a 4500</leader>
  <controlfield tag="001">0013378</controlfield>
  <controlfield tag="003">BD-DhAAL</controlfield>
  <controlfield tag="008">090413s2001    nyua     b    001 0 eng d</controlfield>
  <datafield tag="010" ind1=" " ind2=" ">
   <subfield code="a">\\\00033711 </subfield>
  </datafield>
  <datafield tag="020" ind1=" " ind2=" ">
   <subfield code="a">0521800609</subfield>
  </datafield>
  <datafield tag="020" ind1=" " ind2=" ">
   <subfield code="a">0521804914</subfield>
  </datafield>
  <datafield tag="040" ind1=" " ind2=" ">
   <subfield code="a">DLC</subfield>
   <subfield code="c">DLC</subfield>
   <subfield code="d">DLC</subfield>
   <subfield code="d">BD-DhAAL</subfield>
  </datafield>
  <datafield tag="082" ind1="0" ind2="0">
   <subfield code="a">418.0071</subfield>
   <subfield code="2">21</subfield>
  </datafield>
  <datafield tag="100" ind1="1" ind2=" ">
   <subfield code="a">Richards, Jack C.</subfield>
   <subfield code="9">41474</subfield>
  </datafield>
  <datafield tag="245" ind1="1" ind2="0">
   <subfield code="a">Curriculum development in language teaching /</subfield>
   <subfield code="c">Jack C. Richards.</subfield>
  </datafield>
  <datafield tag="260" ind1=" " ind2=" ">
   <subfield code="a">New York :</subfield>
   <subfield code="b">Cambridge University Press,</subfield>
   <subfield code="c">2001.</subfield>
  </datafield>
  <datafield tag="300" ind1=" " ind2=" ">
   <subfield code="a">xiii, 321 pages :</subfield>
   <subfield code="b">illustrations ;</subfield>
   <subfield code="c">23 cm</subfield>
  </datafield>
  <datafield tag="526" ind1=" " ind2=" ">
   <subfield code="a">ENH</subfield>
   <subfield code="x">Shenin Ziauddin and Nazia Husain
Faculty Members of BRAC University</subfield>
  </datafield>
  <datafield tag="541" ind1="1" ind2=" ">
   <subfield code="e">0013378, 0017200</subfield>
   <subfield code="a">Friends' Book Corner</subfield>
  </datafield>
  <datafield tag="650" ind1=" " ind2="0">
   <subfield code="a">Language and languages</subfield>
   <subfield code="x">Study and teaching.</subfield>
   <subfield code="9">41475</subfield>
  </datafield>
  <datafield tag="650" ind1=" " ind2="0">
   <subfield code="a">Curriculum planning.</subfield>
   <subfield code="9">41476</subfield>
  </datafield>
  <datafield tag="852" ind1="4" ind2=" ">
   <subfield code="a">Ayesha Abed Library</subfield>
   <subfield code="c">General Stacks</subfield>
  </datafield>
  <datafield tag="942" ind1=" " ind2=" ">
   <subfield code="2">ddc</subfield>
   <subfield code="c">BK</subfield>
  </datafield>
  <datafield tag="999" ind1=" " ind2=" ">
   <subfield code="c">222</subfield>
   <subfield code="d">222</subfield>
  </datafield>
  <datafield tag="952" ind1=" " ind2=" ">
   <subfield code="0">0</subfield>
   <subfield code="1">0</subfield>
   <subfield code="2">ddc</subfield>
   <subfield code="4">0</subfield>
   <subfield code="6">418_007100000000000_RIC</subfield>
   <subfield code="7">0</subfield>
   <subfield code="9">203</subfield>
   <subfield code="a">BRACUL</subfield>
   <subfield code="b">BRACUL</subfield>
   <subfield code="c">GEN</subfield>
   <subfield code="d">2009-04-29</subfield>
   <subfield code="g">2356.00</subfield>
   <subfield code="l">8</subfield>
   <subfield code="m">39</subfield>
   <subfield code="o">418.0071 RIC</subfield>
   <subfield code="p">3010013378</subfield>
   <subfield code="r">2019-04-24</subfield>
   <subfield code="s">2018-09-23</subfield>
   <subfield code="t">1</subfield>
   <subfield code="w">2009-04-29</subfield>
   <subfield code="y">BK</subfield>
  </datafield>
  <datafield tag="952" ind1=" " ind2=" ">
   <subfield code="0">0</subfield>
   <subfield code="1">0</subfield>
   <subfield code="2">ddc</subfield>
   <subfield code="4">0</subfield>
   <subfield code="6">418_007100000000000_RIC_2001</subfield>
   <subfield code="7">0</subfield>
   <subfield code="9">9664</subfield>
   <subfield code="a">BRACUL</subfield>
   <subfield code="b">BRACUL</subfield>
   <subfield code="c">GEN</subfield>
   <subfield code="d">2010-05-02</subfield>
   <subfield code="l">4</subfield>
   <subfield code="m">19</subfield>
   <subfield code="o">418.0071 RIC</subfield>
   <subfield code="p">3010014507</subfield>
   <subfield code="r">2018-09-16</subfield>
   <subfield code="s">2018-05-27</subfield>
   <subfield code="t">2</subfield>
   <subfield code="w">2010-05-02</subfield>
   <subfield code="y">BK</subfield>
  </datafield>
  <datafield tag="952" ind1=" " ind2=" ">
   <subfield code="0">0</subfield>
   <subfield code="1">0</subfield>
   <subfield code="2">ddc</subfield>
   <subfield code="4">0</subfield>
   <subfield code="6">418_007100000000000_RIC_2001</subfield>
   <subfield code="7">0</subfield>
   <subfield code="9">9777</subfield>
   <subfield code="a">BRACUL</subfield>
   <subfield code="b">BRACUL</subfield>
   <subfield code="c">GEN</subfield>
   <subfield code="d">2010-05-05</subfield>
   <subfield code="e">Friends' Book Corner</subfield>
   <subfield code="g">3080.00</subfield>
   <subfield code="l">5</subfield>
   <subfield code="m">39</subfield>
   <subfield code="o">418.0071 RIC</subfield>
   <subfield code="p">3010017200</subfield>
   <subfield code="r">2018-09-16</subfield>
   <subfield code="s">2018-05-20</subfield>
   <subfield code="t">3</subfield>
   <subfield code="w">2010-05-05</subfield>
   <subfield code="y">BK</subfield>
   <subfield code="x">Requisitioned by Shenin Ziauddin and Nazia Husain (Faculty Members of BRAC University)</subfield>
  </datafield>
 </record>
</collection>
